[Event "European Hybrid Qualification for the FIDE World Cup"]
[Site "?"]
[Date "2021.05.24"]
[Round "1.1.2"]
[White "Hracek, Zbynek"]
[Black "Seitaj, Ilir"]
[Result "1-0"]
[WhiteElo "2565"]
[BlackElo "2333"]
[BlackCountry "ALB"]
[BlackFideId "4700031"]
[BlackTitle "IM"]
[WhiteCountry "CZE"]
[WhiteFideId "300071"]
[WhiteTitle "GM"]

1.d4 d5 2.c4 e6 3.Nc3 Nf6 4.cxd5 exd5 5.Bg5 Be7 6.e3 O-O 7.Bd3 Nbd7 8.Nge2
Re8 9.O-O c6 10.f3 c5 11.Rc1 h6 12.Bh4 a6 13.dxc5 Nxc5 14.Bb1 Be6 15.Nf4 
Rc8 16.Qc2 g5 17.Nxe6 Nxe6 18.Bf2 b5 19.Qf5 Ng7 20.Qd3 Qd7 21.a3 Rcd8 22.
Rfd1 Ne6 23.Ba2 Nc7 24.Ne2 Ne6 25.Nc3 Nc7 26.Qc2 Bd6 27.Ne2 Rc8 28.Qc6 
Rcd8 29.Nd4 a5 30.Bg3 Bxg3 31.Qxf6 Qd6 32.Qxd6 Bxd6 33.Nf5 Be5 34.Nxh6+ 
Kg7 35.Nf5+ Kf8 36.Rc2 Rd7 37.g3 a4 38.Rcd2 Red8 39.f4 Bf6 40.Kf2 Na6 41.
fxg5 Bh8 42.Nd4 Nc5 43.Bb1 Nb3 44.Nxb3 axb3 45.Rd3 Bxb2 46.Rxb3 Bg7 47.
Rxb5 d4 48.exd4 Rxd4 49.Rxd4 Rxd4 50.Rb8+ Ke7 51.Rb7+ Ke8 52.g6 Rd2+ 53.
Kf3 Rxh2 54.gxf7+ Kf8 55.Bg6 Rh6 56.Rb6 Ke7 57.a4 Rh2 58.a5 Ra2 59.a6 Ra4 
60.Bh5 Ra3+ 61.Kg2 Ra5 62.g4 Ra3 63.Rb7+ 1-0

[Event "European Hybrid Qualification for the FIDE World Cup"]
[Site "?"]
[Date "2021.05.24"]
[Round "1.1.3"]
[White "Smirin, Ilia"]
[Black "Zwardon, Vojtech"]
[Result "1/2-1/2"]
[WhiteElo "2595"]
[BlackElo "2466"]
[BlackCountry "CZE"]
[BlackFideId "325511"]
[BlackTitle "IM"]
[WhiteCountry "ISR"]
[WhiteFideId "2801990"]
[WhiteTitle "GM"]

1.e4 c5 2.Nf3 Nc6 3.d4 cxd4 4.Nxd4 g6 5.c4 Nf6 6.Nc3 Nxd4 7.Qxd4 d6 8.Be2 
Bg7 9.O-O O-O 10.Qe3 a5 11.Bd2 a4 12.f4 Nd7 13.Rab1 Nc5 14.Kh1 b6 15.Bf3 
Bb7 16.b4 axb3 17.axb3 Ra3 18.Nb5 Ra2 19.Bc3 Qa8 20.Bxg7 Kxg7 21.Rfe1 Kg8 
22.b4 Nd7 23.Qd4 Rc8 24.Nc3 Ra3 25.Nd5 Bxd5 26.exd5 Re8 27.h4 Qc8 28.Bg4 
Qd8 29.h5 gxh5 30.Bxh5 Nf6 31.Bf3 Kh8 32.Re2 Rg8 33.Rbe1 Qf8 34.Re3 Qh6+ 
35.Kg1 Qh4 36.Qxb6 Rd3 37.Qa7 Ng4 38.Qa1+ f6 39.Bxg4 Qxg4 40.Qb2 Rd4 41.
Rxe7 Qxf4 42.Qc2 Qh6 43.Qf5 Rdg4 44.R1e2 Rxc4 45.R7e4 Rc1+ 46.Re1 Qg7 47.
Qf2 f5 48.Re2 Rc7 49.Re8 Rf7 50.Rxg8+ Kxg8 51.Re8+ Rf8 52.Qe3 Qf6 53.Re6 
Qa1+ 54.Kh2 f4 55.Qe4 Qg7 56.Re7 Qh6+ 57.Kg1 Qh5 58.Qe6+ Kh8 59.Qxd6 Qd1+ 
60.Kf2 Qd2+ 61.Re2 Qd4+ 62.Kf1 Qd1+ 63.Re1 Qd3+ 64.Kg1 Qd4+ 65.Kh2 Rf6 66.
Re8+ Kg7 67.Qe7+ Kg6 68.Rg8+ Kf5 69.Qxh7+ Ke5 70.Re8+ Kxd5 71.Qg8+ Kc6 72.
Rc8+ Kb5 73.Qe8+ Kxb4 74.Qe1+ Ka4 75.Ra8+ Kb5 76.Qb1+ Kc6 77.Rc8+ Kd7 78.
Qb7+ Ke6 79.Re8+ Kf5 80.Qh7+ Rg6 81.Rf8+ Kg5 82.Qe7+ Kg4 83.Qh7 Kg5 84.
Qe7+ Kg4 85.Qe2+ Kg5 86.Qe7+ 1/2-1/2

[Event "European Hybrid Qualification for the FIDE World Cup"]
[Site "?"]
[Date "2021.05.24"]
[Round "1.2.2"]
[White "Michalik, Peter"]
[Black "Froewis, Georg"]
[Result "1-0"]
[WhiteElo "2594"]
[BlackElo "2460"]
[BlackCountry "AUT"]
[BlackFideId "1618423"]
[BlackTitle "IM"]
[WhiteCountry "CZE"]
[WhiteFideId "14907526"]
[WhiteTitle "GM"]

1.d4 d5 2.c4 e6 3.Nf3 Nf6 4.Nc3 dxc4 5.e4 b5 6.e5 Nd5 7.Nxb5 Nb6 8.Be2 Be7
9.O-O Nc6 10.Be3 O-O 11.Qc1 Ba6 12.Nc3 Nb4 13.Rd1 Rb8 14.a3 N4d5 15.Nxd5 
Nxd5 16.Rb1 Rb3 17.Bxc4 Bxc4 18.Qxc4 Qb8 19.Qc2 Rxe3 20.fxe3 Nxe3 21.Qc3 
Nxd1 22.Rxd1 Qb6 23.Rc1 c6 24.b4 Rc8 25.Nd2 Rd8 26.Nb3 Bg5 27.Rc2 Qb5 28.
Kf2 f6 29.Qxc6 Qxc6 30.Rxc6 fxe5 31.Rc5 Kf7 32.Rxe5 Bf6 33.Ra5 Rd7 34.Ke2 
g5 35.Nc5 Rxd4 36.Rxa7+ Kg6 37.Ra6 Rc4 38.Rxe6 Kf5 39.Rd6 Rc2+ 40.Rd2 Rc3 
41.Rd5+ Kg6 42.Ne4 1-0

[Event "European Hybrid Qualification for the FIDE World Cup"]
[Site "?"]
[Date "2021.05.24"]
[Round "1.5"]
[White "Van Foreest, Lucas"]
[Black "Mica, Marek"]
[Result "1-0"]
[WhiteElo "2544"]
[BlackElo "2274"]
[BlackCountry "CZE"]
[BlackFideId "382884"]
[BlackTitle "FM"]
[WhiteCountry "NED"]
[WhiteFideId "1039792"]
[WhiteTitle "GM"]

1.e4 e6 2.Qe2 Ne7 3.Nf3 d5 4.d3 c5 5.g3 Nbc6 6.Bg2 g6 7.h4 h6 8.O-O Bg7 9.
Re1 b6 10.c3 a5 11.e5 Ba6 12.a4 Ra7 13.Na3 Rd7 14.Bf4 Na7 15.Nh2 Qc8 16.
Ng4 Ng8 17.h5 g5 18.Bd2 Kf8 19.Rf1 Ne7 20.f4 Nf5 21.fxg5 hxg5 22.Nf6 Nxg3 
23.Qf3 Nxf1 24.Bxg5 Nc6 25.Rxf1 Nxe5 26.Qg3 Bxd3 27.h6 Bxf1 28.hxg7+ Kxg7 
29.Qxe5 Bxg2 30.Nxd7+ Kh7 31.Bf6 Bf3 32.Qh2+ Kg6 33.Qg3+ 1-0

[Event "European Hybrid Qualification for the FIDE World Cup"]
[Site "?"]
[Date "2021.05.24"]
[Round "1.6"]
[White "Babula, Vlastimil"]
[Black "Ioannidis, Evgenios"]
[Result "1-0"]
[WhiteElo "2559"]
[BlackElo "2411"]
[BlackCountry "GRE"]
[BlackFideId "4229274"]
[BlackTitle "IM"]
[WhiteCountry "CZE"]
[WhiteFideId "301264"]
[WhiteTitle "GM"]

1.d4 Nf6 2.c4 g6 3.Nc3 d5 4.Nf3 Bg7 5.h4 dxc4 6.e4 c5 7.d5 b5 8.h5 O-O 9.
hxg6 fxg6 10.d6 exd6 11.Nxb5 d5 12.e5 Ne4 13.Nd6 Qa5+ 14.Ke2 Be6 15.Nxe4 
dxe4 16.Ng5 Rd8 17.Bd2 c3 18.Bxc3 Rxd1 19.Rxd1 Qb6 20.Rd6 Nc6 21.Nxe6 Qb7 
22.Kd1 Bxe5 23.Bc4 Kh8 24.Ng5 Bxc3 25.Bd5 e3 26.fxe3 Qe7 27.Rxh7+ Qxh7 28.
Nxh7 Be5 29.Rxc6 Rd8 30.Rxc5 Kxh7 31.Kc2 Kh6 32.Be4 Bf6 33.b4 Be7 34.Rc4 
Rd6 35.b5 Re6 36.Kd3 Re5 37.a4 Bc5 38.a5 Bf8 39.Rc8 Bb4 40.b6 axb6 41.axb6
Rb5 42.b7 Bd6 43.Rc6 1-0

[Event "European Hybrid Qualification for the FIDE World Cup"]
[Site "?"]
[Date "2021.05.24"]
[Round "1.6.2"]
[White "Perunovic, Milos"]
[Black "Kraus, Tomas"]
[Result "1-0"]
[WhiteElo "2567"]
[BlackElo "2466"]
[BlackCountry "CZE"]
[BlackFideId "331708"]
[BlackTitle "IM"]
[WhiteCountry "SRB"]
[WhiteFideId "921629"]
[WhiteTitle "GM"]

1.e4 c6 2.d4 d5 3.e5 c5 4.Nf3 cxd4 5.Nxd4 Nc6 6.c4 e6 7.Nc3 Bb4 8.Nxc6 
bxc6 9.Qa4 a5 10.cxd5 Qxd5 11.Qxb4 axb4 12.Nxd5 exd5 13.Be3 f6 14.f4 Bf5 
15.Kd2 Kd7 16.Bd3 Nh6 17.Bc5 Bxd3 18.Kxd3 fxe5 19.fxe5 Rhe8 20.Rhf1 Rxe5 
21.Bxb4 Nf5 22.Bc3 d4 23.Bd2 h5 24.a4 c5 25.a5 Kc6 26.b4 cxb4 27.Bxb4 Re3+
28.Kc4 g6 29.Rfc1 Ra6 30.Bd2 Re7 31.Rab1 Re5 32.h3 h4 33.Bb4 Re3 34.Bd2 
Re5 35.Kd3+ Rc5 36.Bb4 Rxc1 37.Rxc1+ Kb5 38.Bd2 Re6 39.Rc8 Ne3 40.Kxd4 
Nxg2 41.Rb8+ Ka6 42.Rb6+ Rxb6 43.axb6 Kxb6 44.Ke4 g5 45.Bxg5 Ne1 46.Bxh4 
Nc2 47.Bf2+ Kc6 48.Kf5 Kd6 49.Kf6 Nb4 50.h4 Nd5+ 51.Kf7 Ke5 52.h5 Kf5 53.
h6 Nf6 54.Bh4 Ng4 55.h7 Ne5+ 56.Kg7 Ng6 57.Bd8 1-0

[Event "European Hybrid Qualification for the FIDE World Cup"]
[Site "?"]
[Date "2021.05.24"]
[Round "1.9.3"]
[White "Romanov, Evgeny"]
[Black "Votava, Jan"]
[Result "1-0"]
[WhiteElo "2599"]
[BlackElo "2492"]
[BlackCountry "CZE"]
[BlackFideId "300535"]
[BlackTitle "GM"]
[WhiteCountry "RUS"]
[WhiteFideId "4148843"]
[WhiteTitle "GM"]

1.e4 c5 2.Nf3 e6 3.d4 cxd4 4.Nxd4 Nc6 5.Nc3 Qc7 6.g3 a6 7.Bg2 Nf6 8.O-O 
Nxd4 9.Qxd4 Bc5 10.Qd3 d6 11.Na4 O-O 12.Nxc5 dxc5 13.Qc3 e5 14.a4 Be6 15.
a5 Rac8 16.f4 Rfe8 17.h3 exf4 18.gxf4 Bd7 19.e5 Nh5 20.Qf3 g6 21.Qxb7 Bb5 
22.Qxc7 Rxc7 23.Re1 f6 24.Bd5+ Kf8 25.c4 Bd7 26.Ra3 Ng7 27.Rb3 fxe5 28.
fxe5 Nf5 29.Rb6 Bc8 30.Bg5 Kg7 31.Bf6+ Kf8 32.e6 Rf7 33.exf7 Rxe1+ 34.Kf2 
1-0

[Event "European Hybrid Qualification for the FIDE World Cup"]
[Site "?"]
[Date "2021.05.24"]
[Round "1.13.4"]
[White "Nguyen, Thai Dai Van"]
[Black "Kostolansky, Sebastian Lukas"]
[Result "1-0"]
[WhiteElo "2577"]
[BlackElo "2393"]
[BlackCountry "SVK"]
[BlackFideId "14950596"]
[BlackTitle "FM"]
[WhiteCountry "CZE"]
[WhiteFideId "358878"]
[WhiteTitle "GM"]

1.e4 d6 2.d4 Nf6 3.Nc3 g6 4.Be3 a6 5.Be2 b5 6.e5 Nfd7 7.Bf3 c6 8.exd6 exd6
9.Qe2 Qe7 10.O-O-O Bb7 11.Re1 Kd8 12.Qd2 f6 13.d5 Qf7 14.dxc6 Bxc6 15.Bd5 
Bxd5 16.Nxd5 Nc6 17.Nf3 Kc8 18.Kb1 Kb7 19.c4 Ne7 20.Rc1 Nxd5 21.cxd5 Nc5 
22.b4 Na4 23.Rc6 Qd7 24.Rhc1 Be7 25.Nd4 Bd8 26.Ne6 Re8 27.Qc2 Re7 28.Bf4 
Bb6 29.Rxd6 Qe8 30.Rc6 Qd7 31.Qe4 Rae8 32.d6 1-0

[Event "European Hybrid Qualification for the FIDE World Cup"]
[Site "?"]
[Date "2021.05.24"]
[Round "1.17.2"]
[White "Kriebel, Tadeas"]
[Black "Delchev, Aleksander"]
[Result "1/2-1/2"]
[WhiteElo "2527"]
[BlackElo "2501"]
[BlackCountry "BUL"]
[BlackFideId "2900394"]
[BlackTitle "GM"]
[WhiteCountry "CZE"]
[WhiteFideId "330027"]
[WhiteTitle "IM"]

1.e4 c6 2.d4 d5 3.e5 c5 4.Nf3 Bg4 5.c4 cxd4 6.Qxd4 Bxf3 7.gxf3 e6 8.cxd5 
Nc6 9.Bb5 Qxd5 10.Qxd5 exd5 11.Be3 Bb4+ 12.Ke2 Ne7 13.Rd1 O-O-O 14.f4 d4 
15.Bc1 g5 16.Nd2 a6 17.Bc4 gxf4 18.Nf3 Ng6 19.Bxf7 d3+ 20.Kf1 Ncxe5 21.
Nxe5 Nxe5 22.Be6+ Kb8 23.Bxf4 Bd6 24.Bg3 h5 25.f4 h4 26.fxe5 hxg3 27.exd6 
Rxd6 28.Bc4 b5 29.Bxd3 gxh2 30.Kg2 h1=Q+ 31.Rxh1 Rxh1 32.Rxh1 Rxd3 33.Rb1 
1/2-1/2

[Event "European Hybrid Qualification for the FIDE World Cup"]
[Site "?"]
[Date "2021.05.24"]
[Round "1.24.4"]
[White "Krejci, Jan"]
[Black "Subelj, Jan"]
[Result "1-0"]
[WhiteElo "2540"]
[BlackElo "2439"]
[BlackCountry "SLO"]
[BlackFideId "14618583"]
[BlackTitle "IM"]
[WhiteCountry "CZE"]
[WhiteFideId "322156"]
[WhiteTitle "GM"]

1.c4 c6 2.Nf3 d5 3.e3 Nf6 4.Nc3 e6 5.b3 Bd6 6.Bb2 O-O 7.d4 Nbd7 8.Be2 b6 
9.O-O Bb7 10.Qc2 Qe7 11.Rad1 Rad8 12.Rfe1 Rfe8 13.g3 Nf8 14.Bf1 c5 15.cxd5
exd5 16.dxc5 bxc5 17.Bg2 Ng6 18.Nb5 Bb8 19.Bxf6 gxf6 20.Rc1 a6 21.Nc3 Ba7 
22.Na4 Rc8 23.Qf5 Qe6 24.Qh5 d4 25.Nxc5 Bxf3 26.Bxf3 Qe5 27.exd4 Qxd4 28.
Rxe8+ Rxe8 29.Qd5 Ne5 30.Bg2 Qxd5 31.Bxd5 Rc8 32.b4 a5 33.a3 Rb8 34.Kg2 
axb4 35.Na6 Rb5 36.Nxb4 Bc5 37.Bc4 Ra5 38.Be2 Bxb4 39.axb4 Ra2 40.Kf1 Rb2 
41.b5 f5 42.h3 f4 43.gxf4 Ng6 44.Rc4 Kg7 45.f5 Ne7 46.Rc5 Kf6 47.Bd3 Rd2 
48.Be4 Rb2 49.Ke1 h5 50.Kd1 Rxf2 51.b6 Rb2 52.b7 Kg5 53.Kc1 Rb4 54.Rc2 Kf4
55.Rb2 Rc4+ 56.Kb1 Nc6 57.Bxc6 1-0

[Event "European Hybrid Qualification for the FIDE World Cup"]
[Site "?"]
[Date "2021.05.24"]
[Round "1.25.1"]
[White "Laznicka, Viktor"]
[Black "Notkevich, Benjamin Arvola"]
[Result "0-1"]
[WhiteElo "2647"]
[BlackElo "2466"]
[BlackCountry "NOR"]
[BlackFideId "1506536"]
[BlackTitle "GM"]
[WhiteCountry "CZE"]
[WhiteFideId "316385"]
[WhiteTitle "GM"]

1.Nf3 Nf6 2.c4 g6 3.b3 Bg7 4.Bb2 O-O 5.g3 c5 6.Bg2 Nc6 7.O-O d6 8.d4 cxd4 
9.Nxd4 Bd7 10.Nc3 Qa5 11.e3 Rfc8 12.h3 Rab8 13.a4 a6 14.Re1 Qd8 15.Qe2 Na5
16.Ra3 Qb6 17.Ba1 e5 18.Nc2 Bf8 19.Nd5 Nxd5 20.Bxd5 Qc7 21.Qf3 Be8 22.Bc3 
Nc6 23.a5 Ne7 24.Nb4 Nxd5 25.Nxd5 Bc6 26.Rd1 Bxd5 27.Rxd5 Qc6 28.Qd1 b5 
29.axb6 Rxb6 30.Qd3 Rcb8 31.Ba5 R6b7 32.Bd2 Rb6 33.Ba5 R6b7 34.h4 Qc8 35.
Kg2 h5 36.b4 Qc6 37.e4 Be7 38.Rc3 Qa4 39.Rc1 Qa2 40.Qd2 Qxd2 41.Rxd2 Rc8 
42.Rd5 f6 43.Kf3 Kf7 44.Ke3 Ke6 45.Kd3 f5 46.exf5+ gxf5 47.Kc3 Rbb8 48.
Rdd1 e4 49.Kb3 Bf6 50.Ka4 Be5 51.Rc2 Rc6 52.Rdc1 Bd4 53.Rd2 Bg7 54.Rcc2 
Be5 55.Rd1 Rcc8 56.c5 Rc6 57.Rdc1 d5 58.Bb6 d4 59.Ka5 d3 60.Rc4 Kd5 61.b5 
axb5 62.Kxb5 Bc7 63.Rd4+ Kxd4 64.Kxc6 Bxb6 65.cxb6 Rc8+ 0-1

[Event "European Hybrid Qualification for the FIDE World Cup"]
[Site "?"]
[Date "2021.05.24"]
[Round "1.25.2"]
[White "Keymer, Vincent"]
[Black "Rasik, Vitezslav"]
[Result "1/2-1/2"]
[WhiteElo "2591"]
[BlackElo "2451"]
[BlackCountry "CZE"]
[BlackFideId "300306"]
[BlackTitle "GM"]
[WhiteCountry "GER"]
[WhiteFideId "12940690"]
[WhiteTitle "GM"]

1.d4 Nf6 2.c4 g6 3.Nc3 Bg7 4.e4 d6 5.Be2 O-O 6.Nf3 Nbd7 7.O-O e5 8.Be3 Re8
9.d5 Nh5 10.g3 Bf8 11.Kh1 Ng7 12.g4 Nf6 13.Ne1 Be7 14.Rg1 Kh8 15.Qd2 h5 
16.f3 hxg4 17.fxg4 Kh7 18.Nd3 Rh8 19.Raf1 Kg8 20.Bd1 Bd7 21.Rg3 Be8 22.Qg2
Nh7 23.g5 Nf8 24.Nf2 Nh5 25.Rh3 Rh7 26.Nd3 Nf4 27.Nxf4 exf4 28.Bxf4 Rxh3 
29.Qxh3 Bxg5 30.Bg3 Nd7 31.Qg4 Ne5 32.Bxe5 dxe5 33.c5 Be3 34.b4 a5 35.d6 
cxd6 36.Nd5 Qg5 37.cxd6 Bb5 38.Re1 Qxg4 39.Bxg4 Bf2 40.Rc1 Rd8 41.Rc8 Rxc8
42.Bxc8 axb4 43.Kg2 Bh4 44.Bxb7 Kf8 45.Nxb4 Be1 46.a3 Ke8 47.Bc6+ Bxc6 48.
Nxc6 Bc3 49.Nb8 Kd8 50.a4 Kc8 51.d7+ Kc7 52.Kf3 Bd2 53.Ke2 Bg5 54.Na6+ 
Kxd7 55.Kd3 Be7 56.Kc4 f5 57.exf5 gxf5 58.Nc5+ Kc6 59.Ne6 f4 60.a5 f3 61.
Kd3 e4+ 62.Ke3 Kb7 63.h4 Bxh4 64.Nc5+ Ka7 65.Nxe4 Ka6 66.Kxf3 Kxa5 67.Kg4 
Be7 68.Kf5 1/2-1/2

[Event "European Hybrid Qualification for the FIDE World Cup"]
[Site "?"]
[Date "2021.05.24"]
[Round "1.25.4"]
[White "Polak, Tomas"]
[Black "Bethke, Richard"]
[Result "1/2-1/2"]
[WhiteElo "2553"]
[BlackElo "2332"]
[BlackCountry "GER"]
[BlackFideId "12959243"]
[BlackTitle "FM"]
[WhiteCountry "CZE"]
[WhiteFideId "300560"]
[WhiteTitle "GM"]

1.c4 Nf6 2.Nc3 e6 3.e4 d5 4.exd5 exd5 5.d4 Be7 6.Nf3 O-O 7.Be2 dxc4 8.Bxc4
Nbd7 9.O-O Nb6 10.Bb3 c6 11.Re1 Re8 12.Ne5 Nbd5 13.Bg5 Be6 14.Qf3 Nd7 15.
Bxe7 Rxe7 16.Ne4 Qc7 17.Qg3 N7f6 18.Nc5 Rae8 19.Rac1 Bc8 20.h3 Qa5 21.Re2 
g6 22.Nc4 Qc7 23.Re5 Kg7 24.Qf3 h5 25.Rce1 Bf5 26.a3 b6 27.Nd3 Bxd3 28.
Rxe7 Rxe7 29.Rxe7 Qxe7 30.Qxd3 Qe1+ 31.Qf1 Qe4 32.Ne5 c5 33.Qd3 Qe1+ 34.
Qf1 Qe4 35.Qd3 Qe1+ 1/2-1/2

[Event "European Hybrid Qualification for the FIDE World Cup"]
[Site "?"]
[Date "2021.05.24"]
[Round "1.28.4"]
[White "Plat, Vojtech"]
[Black "Kalezic, Blazo"]
[Result "1-0"]
[WhiteElo "2556"]
[BlackElo "2456"]
[BlackCountry "MNE"]
[BlackFideId "921815"]
[BlackTitle "IM"]
[WhiteCountry "CZE"]
[WhiteFideId "325740"]
[WhiteTitle "GM"]

1.d4 d5 2.c4 c6 3.Nc3 Nf6 4.cxd5 cxd5 5.Bf4 Nc6 6.e3 a6 7.Rc1 Bg4 8.f3 Bd7
9.g4 e6 10.h4 h5 11.g5 Ng8 12.Bd3 b5 13.Nge2 g6 14.Kf2 Bg7 15.Bd6 Nge7 16.
Bc5 O-O 17.Nf4 Re8 18.Bb1 Rc8 19.Nce2 e5 20.dxe5 Nxe5 21.Bxe7 Qxe7 22.Nxd5
Qd8 23.Rxc8 Bxc8 24.Nef4 Nc4 25.b3 Nd6 26.Qc1 Bf5 27.Rd1 Bxb1 28.Qxb1 Qb8 
29.e4 b4 30.Qd3 Nb5 31.Kg2 Nc3 32.Rd2 Qb7 33.Qc4 Nxd5 34.Nxd5 a5 35.Rc2 
Ra8 36.Qd3 Qa6 37.Rc4 Rf8 38.f4 Kh8 39.f5 Be5 40.Ne3 Qb6 41.Nd5 Qd6 42.Qf3
Qb8 43.Rc6 Qa8 44.Rc2 Rc8 45.Rf2 Qb7 46.fxg6 fxg6 47.Ne3 Bd4 48.Rd2 Bxe3 
49.Qxe3 Re8 50.Qd4+ Kg8 51.Qd5+ Qxd5 52.exd5 Kf7 53.Kf3 Re1 54.d6 Ke8 55.
Rd5 Rh1 56.Kg3 a4 57.bxa4 Kd7 58.Rd2 Rc1 59.Kf4 Rf1+ 60.Ke4 Re1+ 61.Kd5 
Re6 62.Kc5 Re5+ 63.Kc4 Re4+ 64.Rd4 Re2 65.Kb3 1-0

[Event "European Hybrid Qualification for the FIDE World Cup"]
[Site "?"]
[Date "2021.05.24"]
[Round "1.32.1"]
[White "Lagarde, Maxime"]
[Black "Finek, Vaclav"]
[Result "1-0"]
[WhiteElo "2638"]
[BlackElo "2361"]
[BlackCountry "CZE"]
[BlackFideId "23718293"]
[BlackTitle "FM"]
[WhiteCountry "FRA"]
[WhiteFideId "662399"]
[WhiteTitle "GM"]

1.c4 e6 2.Nf3 d5 3.e3 Nf6 4.b3 c6 5.Bb2 Bd6 6.g4 O-O 7.Rg1 Qe7 8.Nc3 b6 9.
g5 Nfd7 10.Bd3 Re8 11.h4 Bb7 12.h5 e5 13.Nh4 Nc5 14.Bc2 Nba6 15.Qb1 Kh8 
16.cxd5 Nb4 17.Nf5 Qd7 18.h6 Ba6 19.hxg7+ Kg8 20.Ne4 Nxe4 21.Bxe4 cxd5 22.
a3 dxe4 23.Nh6+ Kxg7 24.axb4 Bd3 25.Qd1 Bxb4 26.Ng4 Qf5 27.Ra4 a5 28.Rg3 
Rac8 29.Nh6 Qe6 30.Ng4 Rc5 31.f4 exf3 32.Rxf3 Bg6 33.Kf2 Re7 34.Nf6 Rc2 
35.Qh1 Rxd2+ 36.Kg3 Rd8 37.Qh6+ Kh8 38.Ra1 Qxb3 39.Rh1 Qc2 40.Nxh7 Bxh7 
41.Bxe5+ Rxe5 42.Qf6+ Kg8 43.Qxf7+ Kh8 44.Qf6+ Kg8 45.Qxd8+ Kg7 46.Qf6+ 
Kg8 47.Qxe5 Qe4 48.Qb8+ Kg7 49.Rxh7+ Qxh7 50.Qe5+ Kg8 1-0

[Event "European Hybrid Qualification for the FIDE World Cup"]
[Site "?"]
[Date "2021.05.24"]
[Round "2.1.2"]
[White "Seitaj, Ilir"]
[Black "Hracek, Zbynek"]
[Result "1/2-1/2"]
[WhiteElo "2333"]
[BlackElo "2565"]
[BlackCountry "CZE"]
[BlackFideId "300071"]
[BlackTitle "GM"]
[WhiteCountry "ALB"]
[WhiteFideId "4700031"]
[WhiteTitle "IM"]

1.e4 e6 2.d4 d5 3.Nc3 Nf6 4.Bg5 dxe4 5.Nxe4 Be7 6.Bxf6 gxf6 7.g3 f5 8.Nc3 
Bf6 9.Nge2 Nc6 10.d5 Nb4 11.Bg2 c6 12.dxc6 Qxd1+ 13.Rxd1 Nxc6 14.Kd2 Ke7 
15.Kc1 Rd8 16.Rxd8 Nxd8 17.Rd1 Bd7 18.Nd4 Be5 19.f4 Bd6 20.Rd3 Rc8 21.a3 
Nc6 22.Nxc6+ Bxc6 23.Bxc6 Rxc6 24.Ne2 a6 25.Kd2 b5 26.Nd4 Rc5 27.Nf3 h6 
28.b4 Rc6 29.Rc3 Kd7 30.Kd3 f6 31.Rxc6 Kxc6 32.Kd4 h5 33.c4 bxc4 34.Kxc4 
e5 35.fxe5 fxe5 36.a4 Bc7 37.Nh4 f4 38.gxf4 exf4 39.Nf3 Bb6 40.b5+ axb5+ 
41.axb5+ Kd6 42.h3 Ke6 43.Kd3 Kd5 44.Nd2 1/2-1/2

[Event "European Hybrid Qualification for the FIDE World Cup"]
[Site "?"]
[Date "2021.05.24"]
[Round "2.1.3"]
[White "Zwardon, Vojtech"]
[Black "Smirin, Ilia"]
[Result "1/2-1/2"]
[WhiteElo "2466"]
[BlackElo "2595"]
[BlackCountry "ISR"]
[BlackFideId "2801990"]
[BlackTitle "GM"]
[WhiteCountry "CZE"]
[WhiteFideId "325511"]
[WhiteTitle "IM"]

1.c4 g6 2.g3 Bg7 3.Bg2 Nf6 4.Nc3 O-O 5.d3 d6 6.Nf3 Nc6 7.Rb1 a5 8.O-O h6 
9.a3 e5 10.b4 axb4 11.axb4 Be6 12.b5 Ne7 13.Qb3 Nd7 14.Ba3 f5 15.Nd2 Ra7 
16.Ra1 b6 17.Ra2 Nc5 18.Qc2 Kh7 19.Rfa1 Qd7 20.Bb2 Rxa2 21.Rxa2 f4 22.Nde4
Bh3 23.Nxc5 dxc5 24.Be4 Nf5 25.Bc6 Qe7 26.Ne4 h5 27.Qd2 Bh6 28.Qc3 Nd4 29.
Qe1 h4 30.Bxd4 exd4 31.gxh4 Qxh4 32.Kh1 Bg4 33.Nd2 f3 34.Nxf3 Bxf3+ 35.
Bxf3 Be3 36.Qg1 Bxf2 37.Qg4 Qxg4 38.Bxg4 Be3 39.Ra7 Bf4 40.Kg2 Bd6 41.Bf3 
Kh6 42.Ra8 1/2-1/2

[Event "European Hybrid Qualification for the FIDE World Cup"]
[Site "?"]
[Date "2021.05.24"]
[Round "2.2.2"]
[White "Froewis, Georg"]
[Black "Michalik, Peter"]
[Result "0-1"]
[WhiteElo "2460"]
[BlackElo "2594"]
[BlackCountry "CZE"]
[BlackFideId "14907526"]
[BlackTitle "GM"]
[WhiteCountry "AUT"]
[WhiteFideId "1618423"]
[WhiteTitle "IM"]

1.Nf3 Nf6 2.g3 g6 3.b3 Bg7 4.Bb2 O-O 5.Bg2 d5 6.c4 c6 7.O-O Nbd7 8.d4 Ne4 
9.Nc3 Nxc3 10.Bxc3 b6 11.Nd2 Bb7 12.Rc1 Nf6 13.Re1 Rc8 14.Qc2 Rc7 15.Bb4 
Re8 16.e3 Rd7 17.a4 e5 18.dxe5 Rxe5 19.c5 Re8 20.Bh3 Bf8 21.Bc3 Rc7 22.b4 
Bc8 23.Bg2 bxc5 24.bxc5 Bf5 25.Qb2 Nd7 26.Bd4 Bh6 27.Qc3 Rc8 28.h3 Qc7 29.
g4 Be6 30.f4 Rb8 31.Rf1 f6 32.Bf3 Bf7 33.Kg2 a5 34.Rb1 Bf8 35.Rb3 Qa7 36.
Rc1 Rb7 37.Rxb7 Qxb7 38.Nb3 Ra8 39.Be2 Qc7 40.Bd3 Be7 41.Rb1 Qd8 42.Nd2 
Qf8 43.Rb7 Qc8 44.Rb2 Qf8 45.Nb3 Qd8 46.Qd2 Qc7 47.Qe1 Nf8 48.Bc3 Ne6 49.
f5 Nxc5 50.Nxc5 Bxc5 51.Bxf6 Be7 52.Qh4 Bxf6 53.Qxf6 Rf8 54.Rf2 Be8 55.Qg5
Qe5 56.h4 c5 57.Rf4 Qxe3 58.fxg6 Qxf4 0-1

[Event "European Hybrid Qualification for the FIDE World Cup"]
[Site "?"]
[Date "2021.05.24"]
[Round "2.6.2"]
[White "Kraus, Tomas"]
[Black "Perunovic, Milos"]
[Result "1/2-1/2"]
[WhiteElo "2466"]
[BlackElo "2567"]
[BlackCountry "SRB"]
[BlackFideId "921629"]
[BlackTitle "GM"]
[WhiteCountry "CZE"]
[WhiteFideId "331708"]
[WhiteTitle "IM"]

1.e4 c5 2.c3 Nf6 3.e5 Nd5 4.Nf3 d6 5.exd6 e6 6.g3 Bxd6 7.Bg2 Nc6 8.O-O O-O
9.d4 cxd4 10.Nxd4 Nxd4 11.Qxd4 Qc7 12.c4 Be5 13.Qe4 Nb4 14.Na3 Bd7 15.Re1 
Nc6 16.c5 f5 17.Qe2 Bf6 18.Bf4 e5 19.Nb5 Qd8 20.Bd2 Qe7 21.Rac1 Rad8 22.
Nd6 e4 23.Bc3 Bxc3 24.Rxc3 b6 25.b4 Be6 26.f3 Qf6 27.Qe3 Nxb4 28.fxe4 fxe4
29.Nxe4 Qg6 30.Ng5 Bd5 31.a3 Bxg2 32.axb4 Rde8 33.Ne6 Bh3 34.Nxf8 Rxe3 35.
Nxg6 Rxe1+ 36.Kf2 Rf1+ 37.Ke2 hxg6 38.g4 Rf4 39.Rxh3 Rxb4 40.Rc3 bxc5 41.
Rxc5 Rxg4 42.Ra5 Rg2+ 43.Kf3 Rxh2 44.Rxa7 Kh7 45.Kg4 Rg2+ 46.Kh3 Rb2 47.
Ra5 Kh6 48.Kg4 Rb4+ 49.Kg3 g5 50.Ra6+ Kh5 51.Ra3 Rg4+ 52.Kh3 Rf4 53.Kg3 
Rf5 54.Ra4 g4 55.Ra7 Rf3+ 56.Kg2 g6 57.Ra5+ Kh4 58.Ra2 Rf4 59.Ra6 Rd4 60.
Ra2 g3 61.Rb2 Rf4 62.Rb6 Rf2+ 63.Kg1 g5 64.Rb1 Kh3 65.Rb8 Ra2 66.Rh8+ Kg4 
67.Rb8 Re2 68.Rf8 g2 69.Ra8 Kf3 70.Ra3+ Re3 71.Rxe3+ Kxe3 72.Kxg2 g4 73.
Kg3 Ke4 74.Kxg4 1/2-1/2

[Event "European Hybrid Qualification for the FIDE World Cup"]
[Site "?"]
[Date "2021.05.24"]
[Round "2.9.3"]
[White "Votava, Jan"]
[Black "Romanov, Evgeny"]
[Result "1/2-1/2"]
[WhiteElo "2492"]
[BlackElo "2599"]
[BlackCountry "RUS"]
[BlackFideId "4148843"]
[BlackTitle "GM"]
[WhiteCountry "CZE"]
[WhiteFideId "300535"]
[WhiteTitle "GM"]

1.c4 Nf6 2.Nf3 b6 3.d4 Bb7 4.g3 g6 5.Bg2 Bg7 6.O-O O-O 7.d5 Na6 8.Nc3 Nc5 
9.Nd4 e5 10.Nc2 a5 11.b3 d6 12.Rb1 Nfd7 13.e4 f5 14.exf5 gxf5 15.Ne2 f4 
16.gxf4 Qh4 17.fxe5 Nxe5 18.f4 Ned3 19.Be3 Rae8 20.a3 Nb2 21.Qe1 Qxe1 22.
Rfxe1 Ncd3 23.Rf1 a4 24.Nc1 Rxe3 25.Nxe3 Bd4 26.Rf3 Re8 27.Kf1 Bxe3 28.
Nxd3 Nxd3 29.Bh3 Nxf4 30.Re1 Nxh3 31.Rexe3 Rxe3 32.Rxe3 axb3 33.Rxb3 Nf4 
34.Kf2 Ba6 35.Rg3+ Ng6 36.Ke3 Kf7 37.Kd4 Ne5 38.Rh3 Kg6 39.Rg3+ Kf7 40.Rh3
Kg6 41.Rg3+ Kf7 1/2-1/2

[Event "European Hybrid Qualification for the FIDE World Cup"]
[Site "?"]
[Date "2021.05.24"]
[Round "2.13.4"]
[White "Kostolansky, Sebastian Lukas"]
[Black "Nguyen, Thai Dai Van"]
[Result "0-1"]
[WhiteElo "2393"]
[BlackElo "2577"]
[BlackCountry "CZE"]
[BlackFideId "358878"]
[BlackTitle "GM"]
[WhiteCountry "SVK"]
[WhiteFideId "14950596"]
[WhiteTitle "FM"]

1.e4 e5 2.Nf3 Nf6 3.Nxe5 d6 4.Nd3 Nxe4 5.Qe2 Qe7 6.Nf4 Nc6 7.Nd5 Nd4 8.
Nxe7 Nxe2 9.Nd5 Nd4 10.Bd3 Nc5 11.Nxc7+ Kd8 12.Nxa8 Nxd3+ 13.cxd3 Nc2+ 14.
Kd1 Nxa1 15.b4 Bf5 16.Bb2 Bxd3 17.Na3 d5 18.Re1 Bxb4 19.Re5 Be4 20.f3 f6 
21.Rh5 Bg6 22.Rxd5+ Kc8 23.Nc4 Nc2 24.d3 Bf7 25.Rb5 Bxc4 26.dxc4 Ne3+ 27.
Ke2 Re8 28.Kd3 Nxg2 29.Rxb4 Ne1+ 30.Kc3 Kb8 31.c5 Kxa8 32.Re4 Rxe4 33.fxe4
Nf3 34.Kc4 Nxh2 35.Kd5 h5 36.e5 fxe5 37.Bxe5 Ng4 38.Bxg7 h4 39.Ke4 h3 40.
Kf3 h2 41.Kg2 Kb8 42.Bf8 Kc7 43.Bd6+ Kc6 44.Bf8 a6 45.Kh1 Kb5 46.Kg2 Kc4 
47.Bd6 a5 48.Bf8 a4 49.a3 Kb3 50.Bd6 Ne3+ 51.Kxh2 Nc4 52.Kg3 Nxa3 53.Be5 
Nc4 54.Ba1 Nb2 55.Kf3 Ka2 0-1

[Event "European Hybrid Qualification for the FIDE World Cup"]
[Site "?"]
[Date "2021.05.24"]
[Round "2.17.2"]
[White "Delchev, Aleksander"]
[Black "Kriebel, Tadeas"]
[Result "1/2-1/2"]
[WhiteElo "2501"]
[BlackElo "2527"]
[BlackCountry "CZE"]
[BlackFideId "330027"]
[BlackTitle "IM"]
[WhiteCountry "BUL"]
[WhiteFideId "2900394"]
[WhiteTitle "GM"]

1.c4 e6 2.g3 d5 3.Bg2 dxc4 4.Nf3 a6 5.O-O Nf6 6.Qc2 b5 7.Ne1 Nd5 8.d3 cxd3
9.Nxd3 Bb7 10.Nc3 Bd6 11.Rd1 O-O 12.Nxd5 exd5 13.Bf4 Nd7 14.Bxd6 cxd6 15.
Nf4 Rc8 16.Qd2 Nb6 17.Nxd5 Bxd5 18.Bxd5 Nxd5 19.Qxd5 Rc2 20.Rd2 Qc7 21.
Rad1 g6 22.Kg2 Rc8 23.a3 Qc6 24.Qxc6 R8xc6 25.Kf3 Rxd2 26.Rxd2 Kf8 27.h4 
1/2-1/2